| 000 | 00706nam a2200229 a 4500 | ||
|---|---|---|---|
| 003 | SISC | ||
| 005 | 20141119133109.0 | ||
| 008 | 061120s ph 000 0 eng d | ||
| 020 | _a9716856407 (v. 1) | ||
| 020 | _a9716856750 (v. 2) | ||
| 020 | _a9789716856408 | ||
| 050 | 0 | 0 |
_aLB 1025.3 _b.C67 2003 |
| 100 | 1 | _aCorpuz, Brenda B. | |
| 245 | 1 | 0 |
_aPrinciples and strategies of teaching / _cBrenda B. Corpuz, Gloria G. Salandanan. |
| 260 |
_aQuezon City, Philippines : _bLorimar Pub., _cc2003. |
||
| 300 |
_a127 pages : _billustrations ; _c26 cm. |
||
| 500 | _aVol. 1 has no vol. no. | ||
| 521 | _aEducation | ||
| 650 | 0 | _aTeaching. | |
| 700 | 1 | _aSalandanan, Gloria Guevarra. | |
| 942 |
_2lcc _cBK _kLOC |
||
| 999 |
_c276817 _d276817 |
||